|
|
|
|
| LEADER |
00830nam a2200205 a 4500 |
| 001 |
00025125 |
| 008 |
120531r20122005enka j 000 1 eng |
| 020 |
|
|
|a 9780194220057
|
| 040 |
|
|
|a BD-DhAAL
|c BD-DhAAL
|
| 082 |
0 |
4 |
|a 428.6
|
| 245 |
1 |
0 |
|a Cinderella /
|c edited bySue Arengo ;[illustrated by Kevin Kimber].
|
| 260 |
|
|
|a Oxford :
|b Oxford University Press,
|c 2005.[reprinted 2012]
|
| 300 |
|
|
|a 23 p. :
|b col. ill. ;
|c 25cm.
|
| 490 |
1 |
|
|a Classic tales ;
|v Elementary 1
|
| 541 |
1 |
|
|e 00025125
|
| 650 |
|
0 |
|a Readers (Elementary)
|
| 700 |
1 |
|
|a Arengo, Sue
|
| 852 |
1 |
|
|a Ayesha Abed library
|c General Shelf
|
| 999 |
|
|
|c 12289
|d 12289
|
| 952 |
|
|
|0 0
|1 0
|2 ddc
|4 0
|6 428_600000000000000_CIN
|7 0
|9 20354
|a BRACUL
|b BRACUL
|d 2012-05-31
|e Karim International
|l 2
|o 428.6 CIN
|p 3010025125
|r 2025-11-09
|s 2025-11-02
|t 1
|w 2012-05-31
|y BK
|x Transferred from BIL to BRACUL on 06/06/22
|